Účtová trieda 6 - Výnosy
Zásady pre účtovanie výnosov a pre ich časové rozlišovanie.
Guardado en:
| Autor principal: | |
|---|---|
| Otros Autores: | |
| Formato: | Capítulo de libro |
| Lenguaje: | eslovaco |
| Materias: | |
| Etiquetas: |
Sin Etiquetas, Sea el primero en etiquetar este registro!
|
MARC
| LEADER | 00000naa a2200000 4500 | ||
|---|---|---|---|
| 001 | 0257675 | ||
| 005 | 20190823102718.2 | ||
| 041 | 0 | |a slo | |
| 044 | |a SK | ||
| 245 | 1 | 0 | |a Účtová trieda 6 - Výnosy |c Ľudmila Novotná, Iveta Petrovická |
| 520 | |a Zásady pre účtovanie výnosov a pre ich časové rozlišovanie. | ||
| 610 | 2 | 0 | |a účtovníctvo podvojné |
| 610 | 2 | 0 | |a účtovanie |
| 610 | 2 | 0 | |a výnosy |
| 610 | 2 | 0 | |a tržby |
| 610 | 2 | 0 | |a výroba nedokončená |
| 610 | 2 | 0 | |a pokuty |
| 610 | 2 | 0 | |a penále |
| 610 | 2 | 0 | |a činnosť hospodárska |
| 610 | 2 | 0 | |a majetok finančný |
| 610 | 2 | 0 | |a legislatíva |
| 100 | 1 | |a Novotná, Ľudmila | |
| 700 | 1 | |a Petrovická, Iveta | |